00455nam a22001457a 450000500170000000800410001702000230005804000140008104100080009508200160010310000720011924500250019126000510021630000420026720240122115405.0240122b sa ||||| |||| 00| 0 eng d a9780521724685qpbk ardac3228 2NSO aNSO KF GRAA aCorneilse Janine, Edwards Marcelle, January Jamela, De kock Shirley aGraakwa e boifisago/ aCape Town:bCambridge University Press;c2007. a16 pagesbColour illustrationsc21 cm